000 00688nam a2200229 a 4500
001 BRCA_2646
005 20190320203915.0
008 011208s1920----enka---###---#000-0#eng-u
050 4 _aNK4565
_b.H63 1920
100 1 _aHudgson, Willoughby
_97524
245 1 0 _aHow to identify old Chinese porcelain
_cby Willoughby Hodgson.
250 _a4
260 _aLondon
_bMethuen
_c1920
300 _a196 p.
_bil.
_c21 cm.
500 _aIncluye índice de ilustraciones e índice analítico.
500 _aA97
650 1 4 _aColeccionistas y colecciones
_97525
650 1 4 _aPorcelana china
_91313
650 1 4 _aCerámica
_xColeccionistas y colecciones
_97526
902 _aGFM
942 _2lcc
_cB
999 _c2386
_d2386